000 00570nam a22001937a 4500
003 OSt
005 20170302135124.0
008 170302b xxu||||| |||| 00| 0 eng d
020 _a052144022x
040 _cDDC.
082 _a539.6ATO 1997.
100 _aEdited by Smith,Rodger;
_911730
245 _aAtomic and Ion Collisions in Solids and Surfaces:
_bTheory ,Simulation and application
260 _aCambridge;
_bCambridge University Press.
_c1997.
300 _aix,309p;
_bill:
_c27cm
504 _aincludes index.
650 _aPhysics,
_9809
942 _2ddc
_cO_SHELF
999 _c5621
_d5621